000 00427nam a2200157Ia 4500
008 230312s9999||||xx |||||||||||||| ||und||
020 _a978-81-203-2778
082 _a621.3822
_bBAN-I
100 _aBandyopadihyal M. N.
245 0 _aIntroduction to Signals and systems and digital signal processing
260 _bPHI Learning Pvt Ltd
_aIndia
_c2005
300 _a383
546 _aEng.
650 _aEngineering
942 _cBK
999 _c4766
_d4766